A szuvas fog
Elmentve itt :
| Szerző: | |
|---|---|
| Adatforrás: | Meister |
| Forrásdokumentuma: | A Hét. - 6 sz., 1999, 9 p. |
| Nyelv: | magyar |
| Kulcsszavak: | politikai analízis politikai publicisztika politikai intézmények szabadság jogállam demokrácia modernizáció magyarellenesség erdélyi románok románok állam Románia TUDOR Corneliu Vadim CONSTANTINESCU Emil Nagy-Románia Párt (PRM) |
| LEADER | 00741nab a2200289 i 4500 | ||
|---|---|---|---|
| 001 | bibPRO00007790 | ||
| 008 | 060524s1999 xx hun | ||
| 040 | |a Sz1 | ||
| 041 | |a hun | ||
| 100 | 1 | |a PAVEL Dan | |
| 245 | 1 | 2 | |a A szuvas fog |c PAVEL Dan |
| 695 | |a politikai analízis | ||
| 695 | |a politikai publicisztika | ||
| 695 | |a politikai intézmények | ||
| 695 | |a szabadság | ||
| 695 | |a jogállam | ||
| 695 | |a demokrácia | ||
| 695 | |a modernizáció | ||
| 695 | |a magyarellenesség | ||
| 695 | |a erdélyi románok | ||
| 695 | |a románok | ||
| 695 | |a állam | ||
| 695 | |a Románia | ||
| 695 | |a TUDOR Corneliu Vadim | ||
| 695 | |a CONSTANTINESCU Emil | ||
| 695 | |a Nagy-Románia Párt (PRM) | ||
| 773 | 0 | |t A Hét. - |g 6 sz., 1999, 9 p. | |